Neugebauer, Wolfgang, 1953-. Geschichte Preußens. - Hildesheim [u.a.] : Olms. - 2004 [Rezension]
| Titel: | Neugebauer, Wolfgang, 1953-. Geschichte Preußens. - Hildesheim [u.a.] : Olms. - 2004 [Rezension] |
|---|---|
| Verfasser: | |
| In: |
Jahrbuch für die Geschichte Mittel- und Ostdeutschlands, Band 52 (2006), Seite 339-340 alle Artikel anzeigen |
| Veröffentlicht: | 2006 [2007] |
| Format: | Aufsatz |
| Sprache: | Deutsch |
X
alg: 39513636
001A $01999:12-11-16
001B $01999:18-04-19 $t22:34:52.000
001D $01999:12-11-16
001U $0utf8
001X $00
002@ $0Aox
003@ $0395136369
007A $0395136369 $aHEB
007T $0Herdc0041124m
010@ $ager
011@ $a2006 $n2006 [2007]
021A $aNeugebauer, Wolfgang, 1953-. Geschichte Preußens. - Hildesheim {[u.a.] : Olms. - 2004 [Rezension]
028A $7131385518 $8Escher, Felix$Z1945- [Tp1] $9176369481
031A $d52 $h339-340 $j2006
039B $aIn $8--Abvc--. Jahrbuch für die Geschichte Mittel- und Ostdeutschlands. - Berlin ; Boston : de Gruyter, 1953-. - ISSN 0075-2614 $x200600000520000661 $9046839720
039T $8--Aau--Neugebauer, Wolfgang$Z1953- [Tp1]. Geschichte Preußens. - Hildesheim {[u.a.] : Olms, 2004. - 159 S.. - Ill., Kt.. - ISBN 3-487-11970-6 $9119608898
045T $a8,1
045T $aGER $qDE-30 $2FID
lok: 39513636 78
exp: 39513636 78 1 #EPN
201B/01 $018-11-16 $t13:51:14.000
201U/01 $0utf8
203@/01 $0791435067
208@/01 $a12-11-16 $be
209A/01 $a/ $f000 $x00
220C/01 $aTitelaufnehmer: kk
220C/01 $aHerkunft: HI Marburg
244Z/01 $2Trx $#arvustused $#recenzijos $#Reviews $#recenziók $#recenzje $#recenzie $#recenze $8--Trx--Rezensionen $x01 $9391357441
247C/01 $82080>Marburg/Lahn, Herder-Institut, Forschungsbibliothek, Bibliographieportal $9336309341
| LEADER | 00000caa a22000002c 4500 | ||
|---|---|---|---|
| 001 | 395136369 | ||
| 003 | DE-603 | ||
| 005 | 20190418223452.0 | ||
| 007 | tu | ||
| 008 | 161112s2006 xx |||| | u00||u|ger c | ||
| 035 | |a (DE-599)HEB395136369 | ||
| 040 | |a DE-603 |b ger |c DE-603 |d DE-603 | ||
| 041 | |a ger | ||
| 084 | |a 8,1 |2 ssgn | ||
| 084 | |a GER |q DE-30 |2 fid | ||
| 100 | 1 | |a Escher, Felix |d 1945- |0 (DE-603)176369481 |0 (DE-588)131385518 |2 gnd | |
| 245 | 0 | 0 | |a Neugebauer, Wolfgang, 1953-. Geschichte Preußens. - Hildesheim [u.a.] : Olms. - 2004 [Rezension] |
| 264 | 0 | |c 2006 [2007] | |
| 773 | 0 | 8 | |i In |t Jahrbuch für die Geschichte Mittel- und Ostdeutschlands |d Berlin ; Boston : de Gruyter, 1953- |h 24 cm |x 0075-2614 |g Band 52 (2006), Seite 339-340 |w (DE-603)046839720 |w (DE-600)2545-8 |
| 787 | 0 | 8 | |i Rezension von |a Neugebauer, Wolfgang, 1953- |t Geschichte Preußens |d Hildesheim [u.a.] : Olms, 2004 |h 159 S., Ill., Kt. |z 3487119706 |w (DE-603)119608898 |
| 924 | 0 | |9 2080 |a (DE-603)791435067 |b DE-2080 |c HES |d d |g / | |


